Liga Narodów 2020/2021/2022 Dywizja B - Statystyki

Ogólne statystyki
  • Ten quiz został rozwiązany 114 razy
  • Średni wynik to 13 z 16
Statystyki odpowiedzi
Hint Odpowiedź % Poprawnych
1 Czechy
91%
3 Irlandia
91%
3 Norwegia
89%
3 Słowacja
89%
2 Serbia
88%
2 Finlandia
85%
1 Rosja
85%
4 Szkocja
85%
1 Austria
84%
3 Turcja
84%
4 Walia
83%
4 Wegry
79%
2 Irlandia Północna
78%
4 Rumunia
73%
1 Bułgaria
72%
2 Izrael
55%
Nie znaleziono quizów pasujących do podanych kryteriów
Rozkład punktacji
Procent ludzi z każdym wynikiem
Percentyl według liczby udzielonych odpowiedzi
Twoja historia wyników
Nie rozwiązałeś tego quizu